| 000 | 00630nam a2200193Ii 4500 | ||
|---|---|---|---|
| 003 | JO-AjNU | ||
| 008 | 230605s9999||||xx |||||||||||||| ||und|| | ||
| 040 |
_aJO-AjNU _bara _erda _cJO-AjNU |
||
| 041 | _aara | ||
| 050 | 1 | 4 | _aQR41.2 .G4488 1989 |
| 100 | 3 |
_aقاسم ، غياث محمد, _eauthor _99592 |
|
| 245 | 0 | 0 | _aعلم احياء التربة المجهرية |
| 264 | 3 | 1 | _aبغداد::جامعة الموصل ، 1989 |
| 300 | _a304ص | ||
| 336 |
_atext _btxt _2rdacontent |
||
| 337 |
_aunmediated _bn _2rdamedia |
||
| 338 |
_avolume _bnc _2rdacarrier |
||
| 650 | 4 |
_aالتربه - البكتيريا الزراعية _99593 |
|
| 999 |
_aA1379 _c4947 _d4947 |
||